<?xml version="1.0" encoding="UTF-8"?><marc:collection xmlns:marc="http://www.loc.gov/MARC21/slim">
  <marc:record>
    <marc:leader>00000nas  2200000za 4500</marc:leader>
    <marc:controlfield tag="001">9.506524</marc:controlfield>
    <marc:controlfield tag="003">CaOODSP</marc:controlfield>
    <marc:controlfield tag="005">20200325102628</marc:controlfield>
    <marc:controlfield tag="007">cr |||||||||||</marc:controlfield>
    <marc:controlfield tag="008">150406d19981998xxc|| m o||||f|   |0eng|d</marc:controlfield>
    <marc:datafield tag="040" ind1=" " ind2=" ">
      <marc:subfield code="a">CaOODSP</marc:subfield>
      <marc:subfield code="b">eng</marc:subfield>
    </marc:datafield>
    <marc:datafield tag="043" ind1=" " ind2=" ">
      <marc:subfield code="a">n-cn---</marc:subfield>
    </marc:datafield>
    <marc:datafield tag="086" ind1="1" ind2=" ">
      <marc:subfield code="a">C21-27/3E-PDF</marc:subfield>
    </marc:datafield>
    <marc:datafield tag="110" ind1="1" ind2=" ">
      <marc:subfield code="a">Canada. </marc:subfield>
      <marc:subfield code="b">Industry Canada. </marc:subfield>
      <marc:subfield code="b">Micro-Economic Policy Analysis Branch.</marc:subfield>
    </marc:datafield>
    <marc:datafield tag="245" ind1="1" ind2="0">
      <marc:subfield code="a">Canada in the 21st century. III, Responding to the challenges </marc:subfield>
      <marc:subfield code="h">[electronic resource]</marc:subfield>
    </marc:datafield>
    <marc:datafield tag="260" ind1=" " ind2=" ">
      <marc:subfield code="a">Ottawa - Ontario : </marc:subfield>
      <marc:subfield code="b">Industry Canada. </marc:subfield>
    </marc:datafield>
    <marc:datafield tag="500" ind1=" " ind2=" ">
      <marc:subfield code="a">Canadian cataloguing in publication data printed in these publications. "To examine fully the medium to longer-term opportunities and challenges of these developments, the Micro-Economic Policy Analysis Branch of Industry Canada asked a group of experts to provide their "vision" for Canada in the 21st Century on a number of important issues... first, to identify major historical trends and develop scenarios to illustrate how developments in his/her respective area might unfold over the next ten to fifteen year; and second, to examine the medium-term consequences of these developments for the Canadian economy."--Page i.</marc:subfield>
    </marc:datafield>
    <marc:datafield tag="775" ind1="0" ind2="8">
      <marc:subfield code="t">Le Canada au 21e siècle. III, Relever le défi </marc:subfield>
      <marc:subfield code="w">(CaOODSP)9.502919</marc:subfield>
    </marc:datafield>
    <marc:datafield tag="776" ind1="0" ind2="#">
      <marc:subfield code="t">Canada in the 21st century. III. Responding to the challenges </marc:subfield>
      <marc:subfield code="w">(CaOODSP)9.509066</marc:subfield>
    </marc:datafield>
    <marc:datafield tag="776" ind1="0" ind2="#">
      <marc:subfield code="t">Le Canada au XXIe siècle. III. Relever le défi </marc:subfield>
      <marc:subfield code="w">(CaOODSP)9.509067</marc:subfield>
    </marc:datafield>
    <marc:datafield tag="780" ind1="0" ind2="0">
      <marc:subfield code="t">Canada in the 21st century. II, Resources and technology </marc:subfield>
      <marc:subfield code="w">(CaOODSP)9.506523</marc:subfield>
    </marc:datafield>
  </marc:record>
</marc:collection>
